| 000 | 00512nam a2200181Ia 4500 | ||
|---|---|---|---|
| 005 | 20250326141846.0 | ||
| 008 | 250326s9999 xx 000 0 und d | ||
| 037 | _aTextbook | ||
| 040 |
_aFMSL _beng _cFMSL |
||
| 041 |
_aeng _2eng |
||
| 084 |
_aX:89ZB(Y) M5 _qFMSL |
||
| 100 |
_aNagpau E _9745178 |
||
| 245 | 0 |
_aSubjective well - being _cNagpau E; Sell H |
|
| 260 |
_aNew Delhi _bNew Delhi, World Health Org. _c1985 |
||
| 300 | _a168p | ||
| 942 |
_cTB _hX:89ZB(Y) M5 |
||
| 999 |
_c1292316 _d1292316 |
||